000 00520nam a22001697a 4500
999 _c8574
_d8574
008 201202b ||||| |||| 00| 0 eng d
040 _aBMS College of Architecture
100 _aR C, Swetha
245 _aKhatam- heritage craft hub
300 _aiv,68p.
500 _a1BM13AT071
502 _8B,Arch
_NBMS College of Architecture, Visvesvaraya Technological University (VTU)
_aProject report
_d2017
650 _aCraft
700 _aPraveen Kumar Upadhye
_eGuide
700 _aSayee Deodhar
_eGuide
942 _2ddc
_cTHE